| 000 | 00987nam a22002057a 4500 | ||
|---|---|---|---|
| 999 |
_c57781 _d57781 |
||
| 003 | Ge_BSU | ||
| 005 | 20201126140419.0 | ||
| 008 | 201126s2003 ge ||||| |||| 00| 0 geo d | ||
| 020 | _a9992806397 | ||
| 041 | _ageo | ||
| 080 | _a543(076.5)+543(075.8) მ-85 | ||
| 100 |
_aმორჩილაძე, ლ. _99781 |
||
| 245 |
_aანალიზური ქიმიის ლაბორატორიული სახელმძღვანელო : _b[სახელმძღვ. პედ. უნ-ტის სტუდ.] / _cლ. მორჩილაძე, რ. მაჩხოშვილი. |
||
| 264 |
_aთბ. : _b სახ. პედ. უნ-ტის გამ-ბა, _c2003. |
||
| 300 |
_a191 გვ. ; _b20 სმ. |
||
| 653 | _aანალიზური ქიმია | ||
| 653 | _aლაბორატორიული სამუშაოები | ||
| 700 |
_aმაჩხოშვილი, რ. _eავტორი _92553 |
||
| 942 |
_2udc _cBK |
||